Estimation of calorie norms and measurement of food intakes: some implication for the magnitudes of the prevalence of under nutrition in India (Record no. 107962)

000 -LEADER
fixed length control field 00536pab a2200169 454500
008 - FIXED-LENGTH DATA ELEMENTS--GENERAL INFORMATION
fixed length control field 180718b2013 xxu||||| |||| 00| 0 eng d
100 ## - MAIN ENTRY--PERSONAL NAME
Personal name Meenakshi, J.V.
245 ## - TITLE STATEMENT
Title Estimation of calorie norms and measurement of food intakes: some implication for the magnitudes of the prevalence of under nutrition in India
260 ## - PUBLICATION, DISTRIBUTION, ETC.
Date of publication, distribution, etc. 2013
300 ## - PHYSICAL DESCRIPTION
Extent p.167-188.
362 ## - DATES OF PUBLICATION AND/OR SEQUENTIAL DESIGNATION
Dates of publication and/or sequential designation Jan-Jun
650 ## - SUBJECT ADDED ENTRY--TOPICAL TERM
Topical term or geographic name entry element Malnutrition - India
650 ## - SUBJECT ADDED ENTRY--TOPICAL TERM
Topical term or geographic name entry element Malnutrition
700 ## - ADDED ENTRY--PERSONAL NAME
Personal name Viswanathan, Brinda
773 ## - HOST ITEM ENTRY
Main entry heading Indian Economic Review
909 ## -
-- 107967
Holdings
Withdrawn status Lost status Damaged status Not for loan Permanent Location Current Location Date acquired Serial Enumeration / chronology Barcode Date last seen Price effective from Koha item type
        Indian Institute of Public Administration Indian Institute of Public Administration 2018-07-19 Volume no: 48, Issue no: 1 AR108427 2018-07-19 2018-07-19 Articles

Powered by Koha